[Event "MONTCADA"]
[Site "?"]
[Date "2015.06.29"]
[Round "5.1"]
[White "Peralta, Fernando"]
[Black "Stopa, Jacek"]
[Result "1/2-1/2"]
[BlackElo "2540"]
[WhiteElo "2556"]
[LiveChessVersion "1.4.6"]

1. d4 {[%clk 1:30:40]} d5 {[%clk 1:30:52]} 2. c4 {[%clk 1:31:02]} e6
{[%clk 1:31:16]} 3. Nc3 {[%clk 1:30:39]} Nf6 {[%clk 1:31:38]} 4. Nf3
{[%clk 1:28:56]} c5 {[%clk 1:32:03]} 5. e3 {[%clk 1:28:43]} a6 {[%clk 1:32:16]}
6. cxd5 {[%clk 1:24:31]} exd5 {[%clk 1:32:39]} 7. Be2 {[%clk 1:24:21]} Nc6
{[%clk 1:32:34]} 8. O-O {[%clk 1:24:20]} Bd6 {[%clk 1:27:42]} 9. dxc5
{[%clk 1:24:38]} Bxc5 {[%clk 1:28:10]} 10. a3 {[%clk 1:22:41]} O-O
{[%clk 1:27:43]} 11. b4 {[%clk 1:23:00]} Bd6 {[%clk 1:24:04]} 12. Bb2
{[%clk 1:20:28]} Be6 {[%clk 1:21:17]} 13. Rc1 {[%clk 1:18:03]} Qe7
{[%clk 1:13:55]} 14. Na4 {[%clk 1:05:56]} Ne4 {[%clk 1:10:52]} 15. Nd4
{[%clk 1:05:12]} Nxd4 {[%clk 0:50:55]} 16. Qxd4 {[%clk 1:04:28]} Qg5
{[%clk 0:51:19]} 17. f4 {[%clk 0:59:58]} Qh6 {[%clk 0:48:59]} 18. Bd3
{[%clk 0:47:22]} Rad8 {[%clk 0:44:56]} 19. Nc5 {[%clk 0:40:22]} Bxc5
{[%clk 0:33:02]} 20. bxc5 {[%clk 0:40:31]} Bd7 {[%clk 0:33:22]} 21. Bxe4
{[%clk 0:34:48]} dxe4 {[%clk 0:33:47]} 22. Rfd1 {[%clk 0:34:44]} Qg6
{[%clk 0:31:06]} 23. Rd2 {[%clk 0:32:08]} h5 {[%clk 0:27:50]} 24. Rcd1
{[%clk 0:26:48]} Bc6 {[%clk 0:24:29]} 25. Qxd8 {[%clk 0:25:59]} Rxd8
{[%clk 0:24:58]} 26. Rxd8+ {[%clk 0:26:22]} Kh7 {[%clk 0:25:24]} 27. R8d2
{[%clk 0:16:36]} 1/2-1/2

[Event "MONTCADA"]
[Site "?"]
[Date "2015.06.29"]
[Round "5.2"]
[White "Asis Gargatagli, Hipolito"]
[Black "Lopez Martinez, Josep Manuel"]
[Result "1/2-1/2"]
[BlackElo "2536"]
[WhiteElo "2472"]
[LiveChessVersion "1.4.6"]

1. e4 {[%clk 1:16:56]} e5 {[%clk 1:30:04]} 2. Nf3 {[%clk 1:17:06]} Nc6
{[%clk 1:30:21]} 3. Bb5 {[%clk 1:17:30]} a6 {[%clk 1:30:10]} 4. Ba4
{[%clk 1:17:45]} Nf6 {[%clk 1:30:22]} 5. O-O {[%clk 1:18:02]} Be7
{[%clk 1:30:32]} 6. Re1 {[%clk 1:18:23]} b5 {[%clk 1:30:36]} 7. Bb3
{[%clk 1:18:43]} d6 {[%clk 1:30:47]} 8. a4 {[%clk 1:18:34]} Bg4 {[%clk 1:25:05]}
9. c3 {[%clk 1:17:54]} O-O {[%clk 1:23:51]} 10. d3 {[%clk 1:17:05]} Na5
{[%clk 1:19:54]} 11. Ba2 {[%clk 1:17:09]} c5 {[%clk 1:20:01]} 12. h3
{[%clk 1:14:59]} Bh5 {[%clk 1:17:05]} 13. Nbd2 {[%clk 1:03:41]} Qc7
{[%clk 1:06:46]} 14. Nf1 {[%clk 0:56:18]} c4 {[%clk 1:05:40]} 15. Ng3
{[%clk 0:45:14]} Bg6 {[%clk 0:51:40]} 16. Nh4 {[%clk 0:29:09]} Nd7
{[%clk 0:36:21]} 17. Nxg6 {[%clk 0:29:20]} hxg6 {[%clk 0:36:31]} 18. Nf1
{[%clk 0:28:55]} Nc5 {[%clk 0:32:19]} 19. dxc4 {[%clk 0:28:34]} bxc4
{[%clk 0:32:10]} 20. Ne3 {[%clk 0:28:36]} Nd3 {[%clk 0:31:42]} 21. Nd5
{[%clk 0:19:46]} Qd8 {[%clk 0:31:48]} 22. Re2 {[%clk 0:20:08]} Rb8
{[%clk 0:21:23]} 23. b4 {[%clk 0:20:14]} cxb3 {[%clk 0:21:19]} 24. Qxd3
{[%clk 0:20:40]} bxa2 {[%clk 0:21:43]} 25. Raxa2 {[%clk 0:18:17]} Re8
{[%clk 0:16:33]} 26. Ba3 {[%clk 0:16:31]} Qc8 {[%clk 0:15:30]} 27. Bb4
{[%clk 0:10:44]} Nc4 {[%clk 0:14:58]} 28. a5 {[%clk 0:11:10]} Rb5
{[%clk 0:14:03]} 29. Re1 {[%clk 0:10:08]} Qc6 {[%clk 0:11:38]} 30. Rea1
{[%clk 0:09:35]} Bg5 {[%clk 0:11:04]} 31. Nb6 {[%clk 0:04:12]} Nxb6
{[%clk 0:11:17]} 32. axb6 {[%clk 0:04:40]} Rxb6 {[%clk 0:11:38]} 33. Rxa6
{[%clk 0:05:07]} Be7 {[%clk 0:11:47]} 34. Ra7 {[%clk 0:04:28]} Bf8
{[%clk 0:10:42]} 35. R1a5 {[%clk 0:04:48]} Rc8 {[%clk 0:07:38]} 36. g3
{[%clk 0:03:51]} Rb7 {[%clk 0:06:03]} 37. R7a6 {[%clk 0:03:08]} Rb6
{[%clk 0:06:01]} 38. Ra7 {[%clk 0:02:43]} Rb7 {[%clk 0:06:24]} 39. R7a6
{[%clk 0:02:14]} Rb6 {[%clk 0:06:48]} 40. Ra7 1/2-1/2

[Event "MONTCADA"]
[Site "?"]
[Date "2015.06.29"]
[Round "5.3"]
[White "Buscara, Sevan"]
[Black "Narciso Dublan, Marc"]
[Result "1/2-1/2"]
[BlackElo "2532"]
[WhiteElo "2366"]
[LiveChessVersion "1.4.6"]

1. e4 c6 2. d4 d5 3. e5 Bf5 4. Nc3 a6 5. Bd3 Bxd3 6. Qxd3 e6 7. Nf3 c5 8. Ne2 Nc6
9. O-O cxd4 10. Nexd4 Nge7 11. Be3 Qc7 12. Rac1 Ng6 13. Nxc6 bxc6 14. c4 Nxe5 15.
Nxe5 Qxe5 16. cxd5 cxd5 17. Bd4 Qd6 18. Rfe1 f6 19. Qh3 Kf7 20. Rc7+ Qxc7 21.
Qxe6+ Kg6 22. Qg4+ Kh6 23. Qh4+ Kg6 24. Qg4+ Kh6 25. Be3+ g5 26. Bxg5+ fxg5 27.
Re6+ Kg7 28. Qxg5+ Kf7 29. Qxd5 Kg7 30. Qg5+ Kf7 31. Rf6+ Ke8 32. Qh5+ Kd8 33.
Qd5+ Qd7 34. Qxa8+ Ke7 35. Qf3 Ke8 36. Rxa6 Be7 37. Ra8+ Bd8 38. Qh5+ Ke7 39. Ra3
Bb6 40. Qg5+ Ke6 41. Qg4+ Ke7 42. Qg7+ Ke6 43. Qg4+ Ke7 44. Qe4+ Qe6 45. Qb7+ Qd7
46. Qe4+ Qe6 47. Qb4+ Qd6 48. Qe4+ 1/2-1/2

[Event "MONTCADA"]
[Site "?"]
[Date "2015.06.29"]
[Round "5.4"]
[White "Alonso Rosell, Alvar"]
[Black "Munoz Pantoja, Miguel"]
[Result "1-0"]
[BlackElo "2411"]
[WhiteElo "2528"]
[LiveChessVersion "1.4.6"]

1. d4 {[%clk 1:20:16]} c5 {[%clk 1:30:52]} 2. d5 {[%clk 1:20:36]} Nf6
{[%clk 1:31:14]} 3. c4 {[%clk 1:20:50]} g6 {[%clk 1:31:37]} 4. Nc3
{[%clk 1:21:17]} Bg7 {[%clk 1:31:59]} 5. e4 {[%clk 1:21:42]} O-O {[%clk 1:32:22]}
6. Nf3 {[%clk 1:21:51]} d6 {[%clk 1:32:44]} 7. h3 {[%clk 1:22:17]} e6
{[%clk 1:32:53]} 8. Bd3 {[%clk 1:22:46]} exd5 {[%clk 1:33:14]} 9. exd5
{[%clk 1:23:12]} Nbd7 {[%clk 1:33:17]} 10. O-O {[%clk 1:22:25]} Nh5
{[%clk 1:33:29]} 11. Bg5 {[%clk 1:15:00]} Qb6 {[%clk 1:31:56]} 12. Qd2
{[%clk 1:12:01]} Ne5 {[%clk 1:31:58]} 13. Nxe5 {[%clk 0:55:37]} Bxe5
{[%clk 1:32:02]} 14. Rae1 {[%clk 0:39:07]} Bd7 {[%clk 1:30:14]} 15. g4
{[%clk 0:30:03]} Ng7 {[%clk 1:28:33]} 16. f4 {[%clk 0:30:00]} Bd4+
{[%clk 1:22:44]} 17. Kh1 {[%clk 0:29:13]} f5 {[%clk 1:16:27]} 18. Re7
{[%clk 0:28:59]} Rf7 {[%clk 1:07:36]} 19. Rxf7 {[%clk 0:23:29]} Kxf7
{[%clk 1:07:32]} 20. Re1 {[%clk 0:23:53]} Re8 {[%clk 1:05:51]} 21. Rxe8
{[%clk 0:22:01]} Nxe8 {[%clk 1:05:00]} 22. Qe2 {[%clk 0:18:32]} Nf6
{[%clk 0:59:01]} 23. gxf5 {[%clk 0:18:56]} gxf5 {[%clk 0:50:13]} 24. Nb5
{[%clk 0:18:56]} a6 {[%clk 0:45:02]} 25. Nxd4 {[%clk 0:14:30]} cxd4
{[%clk 0:45:19]} 26. Qf2 {[%clk 0:10:18]} Qb4 {[%clk 0:39:42]} 27. Bxf6
{[%clk 0:06:16]} Kxf6 {[%clk 0:39:54]} 28. Qh4+ {[%clk 0:05:02]} Kg6
{[%clk 0:39:25]} 29. Be2 {[%clk 0:05:14]} 1-0

[Event "MONTCADA"]
[Site "?"]
[Date "2015.06.29"]
[Round "5.5"]
[White "Alarcon Casellas, Rolando"]
[Black "Del Rio De Angelis, Salvador G"]
[Result "0-1"]
[BlackElo "2498"]
[WhiteElo "2404"]
[LiveChessVersion "1.4.6"]

1. e4 {[%clk 1:30:48]} c5 {[%clk 1:30:25]} 2. Nc3 {[%clk 1:25:47]} e6
{[%clk 1:30:40]} 3. Nf3 {[%clk 1:25:08]} d6 {[%clk 1:30:59]} 4. d4
{[%clk 1:25:13]} cxd4 {[%clk 1:31:17]} 5. Nxd4 {[%clk 1:25:39]} Nf6
{[%clk 1:31:39]} 6. g3 {[%clk 1:21:50]} Nc6 {[%clk 1:29:53]} 7. Bg2
{[%clk 1:22:01]} Nxd4 {[%clk 1:30:02]} 8. Qxd4 {[%clk 1:22:25]} Be7
{[%clk 1:30:26]} 9. O-O {[%clk 1:22:29]} O-O {[%clk 1:30:39]} 10. b3
{[%clk 1:21:01]} Bd7 {[%clk 1:26:55]} 11. Bb2 {[%clk 1:19:43]} Bc6
{[%clk 1:23:25]} 12. Rfe1 {[%clk 1:07:59]} Qc7 {[%clk 1:22:04]} 13. Re2
{[%clk 1:07:47]} Rfd8 {[%clk 1:21:04]} 14. a4 {[%clk 1:02:35]} a6
{[%clk 1:12:53]} 15. a5 {[%clk 1:00:58]} Bf8 {[%clk 1:10:55]} 16. Na4
{[%clk 0:56:05]} Qxa5 {[%clk 1:07:44]} 17. Nb6 {[%clk 0:50:26]} Qh5
{[%clk 1:07:48]} 18. Qd2 {[%clk 0:48:16]} Rab8 {[%clk 1:05:50]} 19. h3
{[%clk 0:45:49]} Qg6 {[%clk 1:02:47]} 20. Qe1 {[%clk 0:42:36]} Nd7
{[%clk 0:55:30]} 21. Nd5 {[%clk 0:39:17]} Bxd5 {[%clk 0:52:53]} 22. exd5
{[%clk 0:39:41]} e5 {[%clk 0:53:16]} 23. Ra4 {[%clk 0:37:17]} f5 {[%clk 0:52:50]}
24. g4 {[%clk 0:35:54]} Rbc8 {[%clk 0:50:50]} 25. gxf5 {[%clk 0:34:59]} Qxf5
{[%clk 0:51:06]} 26. Qd2 {[%clk 0:33:29]} Be7 {[%clk 0:49:21]} 27. Rg4
{[%clk 0:32:13]} Rf8 {[%clk 0:45:35]} 28. f4 {[%clk 0:15:53]} Bf6
{[%clk 0:41:53]} 29. Be4 {[%clk 0:13:34]} Qh5 {[%clk 0:42:14]} 30. Reg2
{[%clk 0:13:58]} Rf7 {[%clk 0:40:49]} 31. Qe2 {[%clk 0:10:47]} Kh8
{[%clk 0:39:09]} 32. f5 {[%clk 0:00:55]} Bd8 {[%clk 0:38:55]} 33. Kh2
{[%clk 0:00:47]} Nf6 {[%clk 0:39:06]} 34. Bf3 {[%clk 0:00:32]} Nxg4+
{[%clk 0:36:53]} 35. Bxg4 {[%clk 0:01:01]} Qh6 {[%clk 0:36:53]} 36. f6
{[%clk 0:01:15]} Rcc7 {[%clk 0:36:05]} 37. fxg7+ {[%clk 0:01:20]} Rxg7
{[%clk 0:36:25]} 38. Rf2 {[%clk 0:00:33]} Rcf7 {[%clk 0:36:06]} 39. Be6
{[%clk 0:00:52]} Rxf2+ {[%clk 0:35:36]} 40. Qxf2 {[%clk 0:01:21]} Qf6
{[%clk 0:35:46]} 41. Qxf6 {[%clk 0:01:13]} Bxf6 {[%clk 0:36:10]} 42. c4
{[%clk 0:01:17]} b6 {[%clk 0:35:26]} 43. Bc3 {[%clk 0:00:42]} Rc7
{[%clk 0:35:19]} 44. Bb4 {[%clk 0:00:54]} Be7 {[%clk 0:35:39]} 45. Kg2
{[%clk 0:01:01]} Kg7 {[%clk 0:34:00]} 46. Kf3 {[%clk 0:01:26]} a5
{[%clk 0:33:41]} 47. Bd2 {[%clk 0:00:42]} a4 {[%clk 0:34:03]} 48. bxa4
{[%clk 0:01:03]} Rxc4 {[%clk 0:34:25]} 49. Bd7 {[%clk 0:01:25]} h6
{[%clk 0:31:36]} 50. Be3 {[%clk 0:01:33]} Rb4 {[%clk 0:31:58]} 51. Bb5
{[%clk 0:01:37]} Bd8 {[%clk 0:31:54]} 52. Bc6 {[%clk 0:02:02]} Bg5
{[%clk 0:31:39]} 53. Bf2 {[%clk 0:01:08]} e4+ {[%clk 0:31:39]} 54. Kg2
{[%clk 0:00:36]} Rb2 {[%clk 0:31:43]} 55. Kf1 {[%clk 0:01:02]} e3
{[%clk 0:31:26]} 56. Bg3 {[%clk 0:01:18]} e2+ {[%clk 0:31:29]} 57. Ke1
{[%clk 0:01:46]} Bd2+ {[%clk 0:31:38]} 58. Kxe2 {[%clk 0:02:12]} Bf4+
{[%clk 0:32:03]} 59. Kf3 {[%clk 0:02:35]} Bxg3 {[%clk 0:32:27]} 60. Kxg3
{[%clk 0:03:02]} Rb4 {[%clk 0:32:51]} 61. Kf3 {[%clk 0:03:10]} Kf6
{[%clk 0:33:13]} 62. Bb5 {[%clk 0:02:44]} Kg5 {[%clk 0:33:25]} 63. Bd7
{[%clk 0:03:04]} Rd4 {[%clk 0:33:41]} 64. Bc6 {[%clk 0:03:28]} h5
{[%clk 0:32:51]} 65. Ke3 {[%clk 0:03:54]} Rb4 {[%clk 0:32:40]} 66. Kd3
{[%clk 0:04:13]} Kf5 {[%clk 0:32:29]} 67. Kc3 {[%clk 0:04:38]} Rh4
{[%clk 0:32:47]} 68. Kb2 {[%clk 0:04:21]} Ke5 {[%clk 0:33:09]} 0-1

[Event "MONTCADA"]
[Site "?"]
[Date "2015.06.29"]
[Round "5.6"]
[White "Thejkumar, M. S."]
[Black "Saduakassova, Dinara"]
[Result "1-0"]
[BlackElo "2405"]
[WhiteElo "2461"]
[LiveChessVersion "1.4.6"]

1. d4 {[%clk 1:30:56]} f5 {[%clk 1:30:50]} 2. c4 {[%clk 1:30:27]} Nf6
{[%clk 1:31:10]} 3. Nc3 {[%clk 1:28:37]} d6 {[%clk 1:31:31]} 4. Bg5
{[%clk 1:23:59]} Nbd7 {[%clk 1:31:51]} 5. Qc2 {[%clk 1:12:55]} g6
{[%clk 1:32:02]} 6. e3 {[%clk 1:12:48]} Bg7 {[%clk 1:30:30]} 7. Bd3
{[%clk 1:12:11]} e5 {[%clk 1:29:11]} 8. f3 {[%clk 1:12:25]} O-O {[%clk 1:25:00]}
9. Nge2 {[%clk 1:12:40]} c6 {[%clk 1:24:17]} 10. O-O {[%clk 1:07:23]} a6
{[%clk 1:18:58]} 11. b4 {[%clk 1:02:06]} b5 {[%clk 1:15:30]} 12. c5
{[%clk 0:56:44]} h6 {[%clk 1:03:45]} 13. Bh4 {[%clk 0:55:10]} Qe7
{[%clk 1:01:24]} 14. a4 {[%clk 0:49:09]} Bb7 {[%clk 0:58:04]} 15. Bf2
{[%clk 0:46:05]} dxc5 {[%clk 0:56:39]} 16. bxc5 {[%clk 0:45:44]} Qf7
{[%clk 0:52:46]} 17. axb5 {[%clk 0:25:18]} axb5 {[%clk 0:50:40]} 18. Rxa8
{[%clk 0:23:45]} Rxa8 {[%clk 0:49:51]} 19. Nxb5 {[%clk 0:23:27]} cxb5
{[%clk 0:49:46]} 20. c6 {[%clk 0:23:41]} Rc8 {[%clk 0:49:23]} 21. cxd7
{[%clk 0:23:40]} Nxd7 {[%clk 0:48:46]} 22. Qb1 {[%clk 0:24:03]} Rb8
{[%clk 0:43:01]} 23. Rc1 {[%clk 0:23:54]} Bf8 {[%clk 0:40:39]} 24. Qa1
{[%clk 0:18:23]} Bd6 {[%clk 0:36:48]} 25. Bxb5 {[%clk 0:10:47]} exd4
{[%clk 0:33:42]} 26. Qxd4 {[%clk 0:10:31]} Qe7 {[%clk 0:31:30]} 27. Bxd7
{[%clk 0:06:18]} Qxd7 {[%clk 0:31:30]} 28. Bg3 {[%clk 0:06:35]} Ba6
{[%clk 0:30:30]} 29. Bxd6 {[%clk 0:05:24]} 1-0

[Event "MONTCADA"]
[Site "?"]
[Date "2015.06.29"]
[Round "5.7"]
[White "Cruz, Jonathan"]
[Black "Ramirez Garcia, Jorge Alberto"]
[Result "1-0"]
[BlackElo "2312"]
[WhiteElo "2453"]
[LiveChessVersion "1.4.6"]

1. c4 {[%clk 1:12:08]} e6 {[%clk 1:29:20]} 2. Nf3 {[%clk 1:11:54]} Nf6
{[%clk 1:29:26]} 3. e3 {[%clk 1:10:12]} c5 {[%clk 1:29:46]} 4. b3
{[%clk 1:09:41]} b6 {[%clk 1:29:47]} 5. d4 {[%clk 1:07:35]} Bb7 {[%clk 1:26:43]}
6. Bd3 {[%clk 1:06:08]} cxd4 {[%clk 1:24:35]} 7. exd4 {[%clk 1:06:21]} Bb4+
{[%clk 1:20:25]} 8. Bd2 {[%clk 1:00:29]} Bxf3 {[%clk 1:17:19]} 9. Qxf3
{[%clk 0:59:16]} Nc6 {[%clk 1:16:49]} 10. Bxb4 {[%clk 0:51:04]} Nxb4
{[%clk 1:17:03]} 11. O-O {[%clk 0:51:23]} O-O {[%clk 1:13:03]} 12. a3
{[%clk 0:47:36]} Nxd3 {[%clk 1:08:17]} 13. Qxd3 {[%clk 0:47:59]} Rc8
{[%clk 0:58:51]} 14. b4 {[%clk 0:45:00]} d6 {[%clk 0:56:00]} 15. Nd2
{[%clk 0:44:36]} Rc7 {[%clk 0:51:54]} 16. f4 {[%clk 0:40:32]} Qd7
{[%clk 0:51:22]} 17. a4 {[%clk 0:40:12]} Rfc8 {[%clk 0:50:52]} 18. Ra3
{[%clk 0:37:26]} h6 {[%clk 0:42:56]} 19. Qe2 {[%clk 0:33:20]} Kf8
{[%clk 0:39:30]} 20. g4 {[%clk 0:32:42]} e5 {[%clk 0:32:34]} 21. g5
{[%clk 0:30:53]} hxg5 {[%clk 0:30:29]} 22. fxg5 {[%clk 0:31:14]} Ng8
{[%clk 0:30:29]} 23. d5 {[%clk 0:27:16]} a5 {[%clk 0:30:33]} 24. b5 Qd8
{[%clk 0:28:01]} 25. Qh5 {[%clk 0:24:44]} f6 {[%clk 0:24:01]} 26. Rg3
{[%clk 0:23:42]} Rf7 {[%clk 0:23:53]} 27. Ne4 {[%clk 0:17:14]} Rxc4
{[%clk 0:20:22]} 28. gxf6 {[%clk 0:17:32]} gxf6 {[%clk 0:13:40]} 29. Qh8
{[%clk 0:16:31]} Ke7 {[%clk 0:13:38]} 30. Rxg8 {[%clk 0:16:48]} Qc7
{[%clk 0:11:32]} 31. Nxf6 {[%clk 0:14:40]} Qc5+ {[%clk 0:11:59]} 32. Kh1
{[%clk 0:14:49]} 1-0

[Event "MONTCADA"]
[Site "?"]
[Date "2015.06.29"]
[Round "5.8"]
[White "Perpinya Rofes, Lluis Maria"]
[Black "Pulvett Marin, Daniel"]
[Result "1-0"]
[BlackElo "2446"]
[WhiteElo "2398"]
[LiveChessVersion "1.4.6"]

1. e4 {[%clk 1:30:46]} c5 {[%clk 1:29:52]} 2. Nf3 {[%clk 1:30:37]} Nc6
{[%clk 1:28:06]} 3. d4 {[%clk 1:30:41]} cxd4 {[%clk 1:28:27]} 4. Nxd4
{[%clk 1:31:02]} e6 {[%clk 1:28:49]} 5. Nc3 {[%clk 1:30:46]} a6 {[%clk 1:29:10]}
6. Be2 {[%clk 1:30:27]} Qc7 {[%clk 1:29:29]} 7. O-O {[%clk 1:30:29]} Nf6
{[%clk 1:29:49]} 8. Kh1 {[%clk 1:30:29]} Be7 {[%clk 1:29:51]} 9. f4
{[%clk 1:29:28]} d6 {[%clk 1:30:10]} 10. Be3 {[%clk 1:28:52]} O-O
{[%clk 1:30:05]} 11. a4 {[%clk 1:25:34]} Nxd4 {[%clk 1:29:14]} 12. Bxd4
{[%clk 1:19:21]} e5 {[%clk 1:29:25]} 13. Be3 {[%clk 1:19:00]} exf4
{[%clk 1:29:40]} 14. Bxf4 {[%clk 1:12:40]} Be6 {[%clk 1:29:58]} 15. Nd5
{[%clk 1:03:12]} Bxd5 {[%clk 1:30:15]} 16. exd5 {[%clk 1:03:38]} Nd7
{[%clk 1:30:31]} 17. Ra3 {[%clk 0:59:53]} Bf6 {[%clk 1:29:32]} 18. Rh3
{[%clk 0:55:49]} Be5 {[%clk 1:26:10]} 19. Bd3 {[%clk 0:44:34]} g6
{[%clk 1:25:50]} 20. Bh6 {[%clk 0:35:14]} Bxb2 {[%clk 1:19:47]} 21. Bxf8
{[%clk 0:31:40]} Rxf8 {[%clk 1:18:19]} 22. c3 {[%clk 0:31:10]} Ne5
{[%clk 1:16:26]} 23. Qb3 {[%clk 0:28:49]} Qxc3 {[%clk 1:12:53]} 24. Bxg6
{[%clk 0:27:59]} Qxb3 {[%clk 1:11:58]} 25. Bxh7+ {[%clk 0:28:18]} Kg7
{[%clk 1:12:06]} 26. Rxb3 {[%clk 0:28:23]} Bd4 {[%clk 1:12:08]} 27. Rg3+
{[%clk 0:21:48]} Kxh7 {[%clk 1:10:58]} 28. Rf4 {[%clk 0:22:14]} Ng6
{[%clk 1:11:06]} 29. Rxd4 {[%clk 0:22:39]} Rc8 {[%clk 1:11:29]} 30. h4
{[%clk 0:17:43]} Rc5 {[%clk 1:11:58]} 31. Kh2 {[%clk 0:16:42]} b5
{[%clk 1:11:43]} 32. axb5 {[%clk 0:16:25]} axb5 {[%clk 1:12:12]} 33. Ra3
{[%clk 0:15:11]} Ne5 {[%clk 1:11:46]} 34. Ra6 {[%clk 0:14:28]} Nc4
{[%clk 1:11:22]} 35. Rc6 {[%clk 0:12:39]} f6 {[%clk 1:09:02]} 36. Kh3
{[%clk 0:07:11]} f5 {[%clk 1:07:05]} 37. Rxc5 {[%clk 0:03:30]} dxc5
{[%clk 1:07:33]} 38. d6 {[%clk 0:03:43]} cxd4 {[%clk 1:07:51]} 39. d7
{[%clk 0:04:12]} d3 {[%clk 1:08:14]} 40. d8=Q {[%clk 0:04:34]} d2
{[%clk 1:08:40]} 41. h5 {[%clk 0:04:37]} f4 {[%clk 1:05:32]} 42. Kh4
{[%clk 0:03:30]} f3 {[%clk 1:05:32]} 43. Qd7+ {[%clk 0:03:42]} Kh6
{[%clk 1:05:33]} 44. g4 {[%clk 0:03:37]} 1-0

[Event "MONTCADA"]
[Site "?"]
[Date "2015.06.29"]
[Round "5.9"]
[White "Olivares Canelles, Francisco"]
[Black "Sundararajan, Kidambi"]
[Result "1/2-1/2"]
[BlackElo "2427"]
[WhiteElo "2270"]
[LiveChessVersion "1.4.6"]

1. d4 {[%clk 1:30:54]} Nf6 {[%clk 1:30:54]} 2. c4 {[%clk 1:31:19]} e6
{[%clk 1:31:16]} 3. Nc3 {[%clk 1:31:42]} Bb4 {[%clk 1:31:37]} 4. e3
{[%clk 1:31:30]} O-O {[%clk 1:31:59]} 5. Bd3 {[%clk 1:31:54]} d5 {[%clk 1:32:18]}
6. Nge2 {[%clk 1:31:22]} dxc4 {[%clk 1:25:38]} 7. Bxc4 {[%clk 1:31:44]} e5
{[%clk 1:25:38]} 8. a3 {[%clk 1:24:01]} Bd6 {[%clk 1:25:31]} 9. h3
{[%clk 1:18:20]} Nbd7 {[%clk 1:21:40]} 10. O-O {[%clk 1:17:24]} a6
{[%clk 1:18:55]} 11. Qc2 {[%clk 1:15:10]} Qe7 {[%clk 1:15:17]} 12. Ng3
{[%clk 1:11:19]} Nb6 {[%clk 1:13:38]} 13. Ba2 {[%clk 1:10:35]} Re8
{[%clk 1:04:32]} 14. a4 {[%clk 0:59:59]} Be6 {[%clk 1:01:49]} 15. Bb1
{[%clk 0:49:45]} g6 {[%clk 0:58:42]} 16. Nge2 {[%clk 0:39:41]} Rad8
{[%clk 0:55:08]} 17. e4 {[%clk 0:37:19]} exd4 {[%clk 0:53:23]} 18. Nxd4
{[%clk 0:37:42]} Bc4 {[%clk 0:42:32]} 19. Rd1 {[%clk 0:38:05]} Be5
{[%clk 0:36:03]} 20. Be3 {[%clk 0:35:00]} Qb4 {[%clk 0:33:05]} 21. Qc1
{[%clk 0:26:41]} Be6 {[%clk 0:23:56]} 22. Nf3 {[%clk 0:22:35]} Rxd1+
{[%clk 0:05:43]} 23. Nxd1 {[%clk 0:22:56]} Rd8 {[%clk 0:05:41]} 24. Bd2
{[%clk 0:14:46]} Qd6 {[%clk 0:04:49]} 25. Ra3 {[%clk 0:15:10]} Nc4
{[%clk 0:03:54]} 26. Rd3 {[%clk 0:15:15]} Qe7 {[%clk 0:03:50]} 27. Nxe5
{[%clk 0:13:52]} Nxe5 {[%clk 0:04:08]} 28. Rxd8+ {[%clk 0:13:31]} Qxd8
{[%clk 0:04:34]} 29. Bc3 {[%clk 0:13:48]} Qd6 {[%clk 0:03:50]} 30. Ne3
{[%clk 0:13:33]} Nh5 {[%clk 0:03:43]} 31. Nd5 {[%clk 0:11:55]} Bxd5
{[%clk 0:03:46]} 32. exd5 {[%clk 0:12:18]} Qxd5 {[%clk 0:03:50]} 33. Qe1
{[%clk 0:11:00]} Nf4 {[%clk 0:02:56]} 34. Be4 {[%clk 0:11:09]} Qc4
{[%clk 0:03:05]} 35. Bxe5 {[%clk 0:07:59]} Ne2+ {[%clk 0:03:29]} 36. Kh2
{[%clk 0:08:22]} Qxe4 {[%clk 0:03:49]} 37. Bxc7 {[%clk 0:08:37]} h5
{[%clk 0:02:46]} 38. Qd2 {[%clk 0:07:43]} Nd4 {[%clk 0:02:35]} 39. f3
{[%clk 0:06:28]} Qd5 {[%clk 0:02:36]} 40. Qe3 {[%clk 0:06:45]} Ne6
{[%clk 0:02:46]} 41. Be5 {[%clk 0:07:01]} Ng7 {[%clk 0:01:03]} 42. Bc3
{[%clk 0:06:28]} Kh7 {[%clk 0:00:57]} 43. Qe7 {[%clk 0:06:31]} Nf5
{[%clk 0:01:01]} 44. Qe8 {[%clk 0:04:30]} Qd6+ {[%clk 0:01:19]} 45. Be5
{[%clk 0:04:37]} Ng7 {[%clk 0:01:21]} 46. Bxd6 {[%clk 0:04:59]} Nxe8
{[%clk 0:01:48]} 47. Be7 {[%clk 0:04:06]} f5 {[%clk 0:01:34]} 48. Kg3
{[%clk 0:04:05]} Nc7 {[%clk 0:01:53]} 49. Bd6 {[%clk 0:02:12]} Nd5
{[%clk 0:02:08]} 50. Kf2 {[%clk 0:02:33]} Kg7 {[%clk 0:02:29]} 51. Ke2
{[%clk 0:02:44]} Kf6 {[%clk 0:02:41]} 52. Kd3 {[%clk 0:02:12]} Ke6
{[%clk 0:02:58]} 53. Bb8 {[%clk 0:01:52]} Nb6 {[%clk 0:02:46]} 54. Ba7
{[%clk 0:01:21]} Nc8 {[%clk 0:03:00]} 55. Bc5 {[%clk 0:01:15]} Kd5
{[%clk 0:03:26]} 56. Bf8 {[%clk 0:01:26]} Nb6 {[%clk 0:03:34]} 57. Ke4+ Ke5+
1/2-1/2